000
00334nam a2200145Ia 4500
003
OSt
005
20240103123005.0
008
170524s9999 xx 000 0 und d
020
_a
9788178081588
040
_c
IIMT UNIVERSITY
100
_a
KALAKOTA- R
245
0
_a
ELECTRONIC COMMERCE
260
_b
CONCEPT PUB. CO.
942
_2
ddc
_c
02
999
_c
7943
_d
7943